[Event "Landsturneringen 2009, Senior A"]
[Site "Bergen"]
[Date "2009.07.05"]
[Round "2"]
[White "Bue, Gunnar"]
[Black "Svenske, Jan"]
[Result "1-0"]
[WhiteElo "1585"]
[BlackElo "1732"]
[PlyCount "103"]
[EventDate "2009.07.??"]
[EventType "swiss"]
[EventRounds "9"]
[EventCountry "NOR"]
[SourceDate "2009.07.06"]

1. d4 d6 2. c4 g6 3. Nc3 Bg7 4. e4 Nf6 5. f3 O-O 6. Be3 c6 7. Qd2 Nbd7 8. Bd3
a6 9. Nge2 b5 10. Bh6 Nb6 11. Bxg7 Kxg7 12. b3 e5 13. d5 b4 14. Nd1 c5 15. Nf2
a5 16. a4 h5 17. h4 Nh7 18. g4 hxg4 19. fxg4 Nd7 20. O-O-O Rh8 21. Ng3 Ndf6 22.
Be2 Bd7 23. g5 Ne8 24. Rdg1 Rb8 25. Nf1 Nc7 26. h5 Qe8 27. hxg6 fxg6 28. Rh6
Bxa4 29. bxa4 Qxa4 30. Qb2 b3 31. Kb1 Qb4 32. Nd3 Qxc4 33. Rxg6+ Kf8 34. Nd2
Qd4 35. Rf1+ Ke7 36. Rg7+ Kd8 37. Rff7 Nf8 38. Qxd4 exd4 39. Rxc7 Rh2 40. Rcf7
Ke8 41. Rf2 Rh1+ 42. Rf1 Rh2 43. Rf2 Rh1+ 44. Bf1 a4 45. Nc4 Rd8 46. Rgf7 Ng6
47. R2f6 Ne7 48. Rf8+ Kd7 49. Rxd8+ Kxd8 50. Nxd6 Kd7 51. Nc4 Rh4 52. Nxc5+ 1-0

[Event "Landsturneringen 2009, Senior A"]
[Site "Bergen"]
[Date "2009.07.05"]
[Round "2"]
[White "Fotland, Hans Chr"]
[Black "Ulrichsen, Jarl H"]
[Result "1/2-1/2"]
[WhiteElo "1791"]
[BlackElo "2154"]
[PlyCount "131"]
[EventDate "2009.07.??"]
[EventType "swiss"]
[EventRounds "9"]
[EventCountry "NOR"]
[SourceDate "2009.07.06"]

1. d4 d5 2. c4 e6 3. Nc3 Nf6 4. Bg5 Be7 5. e3 c6 6. Nf3 Nbd7 7. Bd3 dxc4 8.
Bxc4 Nd5 9. Bxe7 Qxe7 10. O-O O-O 11. Rc1 Nxc3 12. Rxc3 Rd8 13. Qc2 Nf8 14. Rd1
Bd7 15. a3 Be8 16. e4 f6 17. Re3 Bf7 18. Rd2 Rac8 19. Rc3 Kh8 20. Be2 Rc7 21.
b4 a6 22. Bc4 Rcd7 23. h3 Bh5 24. Qd1 Bg6 25. Qe2 Bf7 26. Rcd3 Bh5 27. Qe3 Bf7
28. g3 e5 29. Bxf7 exd4 30. Rxd4 Qxf7 31. Rxd7 Rxd7 32. Kg2 Ng6 33. Rxd7 Qxd7
34. Nd4 Ne5 35. Qc3 Qd6 36. f4 Ng6 37. Kf3 h6 38. Ke2 Qd7 39. Nf5 Ne7 40. Qd4
Qxd4 41. Nxd4 Kg8 42. Ne6 b6 43. a4 f5 44. a5 bxa5 45. bxa5 fxe4 46. Nc5 Nf5
47. Nxa6 Nd4+ 48. Ke3 Nb3 49. Kxe4 Nxa5 50. Nc5 Nc4 51. Kd4 Nd6 52. Ke5 Nc4+
53. Ke6 Ne3 54. Ne4 Kf8 55. f5 Nd5 56. Nd6 Nf6 57. g4 c5 58. Nc4 Ke8 59. Ne5
Kf8 60. h4 Ke8 61. g5 hxg5 62. hxg5 Ne4 63. Nf3 c4 64. f6 Nxg5+ 65. Nxg5 gxf6
66. Ne4 1/2-1/2

[Event "Landsturneringen 2009, Senior A"]
[Site "Bergen"]
[Date "2009.07.05"]
[Round "2"]
[White "Hoen, Ragnar Harald"]
[Black "Ovesen, Karsten"]
[Result "1-0"]
[WhiteElo "2237"]
[BlackElo "1769"]
[PlyCount "89"]
[EventDate "2009.07.??"]
[EventType "swiss"]
[EventRounds "9"]
[EventCountry "NOR"]
[SourceDate "2009.07.06"]

1. e4 c6 2. d4 d5 3. exd5 cxd5 4. c4 Nf6 5. Nc3 e6 6. a3 Be7 7. Nf3 O-O 8. Bd3
dxc4 9. Bxc4 a6 10. O-O b5 11. Bb3 Bb7 12. Re1 Nbd7 13. Bg5 Nb6 14. Bxf6 Bxf6
15. Ne4 Be7 16. Qd3 Nd5 17. Nc5 Bxc5 18. dxc5 Ne7 19. Qe2 Nf5 20. Rac1 Bxf3 21.
Qxf3 Nd4 22. Qe3 Nxb3 23. Qxb3 Qc7 24. Qe3 Rfd8 25. Rc3 Rd5 26. c6 Rc8 27. g3
Kf8 28. Kg2 Rd6 29. Rec1 Rcd8 30. Qf4 Rc8 31. b4 Rd5 32. Qe4 g6 33. Rc5 Rd6 34.
Qe5 Rd3 35. Qh8+ Ke7 36. Qxh7 Rxa3 37. Rd1 Rd8 38. Qh4+ Ke8 39. Rxd8+ Qxd8 40.
c7 Qc8 41. Qh8+ Kd7 42. Qd4+ Ke7 43. Rc6 g5 44. Qd6+ Ke8 45. Rb6 1-0

[Event "Landsturneringen 2009, Senior A"]
[Site "Bergen"]
[Date "2009.07.05"]
[Round "2"]
[White "Ludvigsen, Jan"]
[Black "Kjølberg, Lars"]
[Result "0-1"]
[WhiteElo "1646"]
[BlackElo "2052"]
[PlyCount "82"]
[EventDate "2009.07.??"]
[EventType "swiss"]
[EventRounds "9"]
[EventCountry "NOR"]
[SourceDate "2009.07.06"]

1. e4 e6 2. d4 d5 3. Nc3 Bb4 4. e5 c5 5. a3 Bxc3+ 6. bxc3 Qa5 7. Bd2 Qa4 8. Nf3
b6 9. Bd3 Ba6 10. O-O Ne7 11. Re1 Bxd3 12. cxd3 Qxd1 13. Raxd1 Nd7 14. dxc5
Nxc5 15. Be3 O-O 16. Bxc5 bxc5 17. Rb1 Rfb8 18. Nd2 Rb6 19. g3 g5 20. Rec1 Rab8
21. Kf1 g4 22. Ke2 Rxb1 23. Rxb1 Rxb1 24. Nxb1 Nc6 25. Nd2 Nxe5 26. Ke3 f5 27.
d4 cxd4+ 28. Kxd4 Nd7 29. f4 Kf7 30. Nb3 Ke7 31. Nc5 Nb6 32. Nd3 Nc4 33. a4 Kd6
34. Nb4 Nd2 35. Na6 Nf3+ 36. Kd3 Nxh2 37. c4 dxc4+ 38. Kxc4 Nf1 39. Kb5 Nxg3
40. Nb4 Ne4 41. a5 g3 0-1

[Event "Landsturneringen 2009, Senior A"]
[Site "Bergen"]
[Date "2009.07.05"]
[Round "2"]
[White "Strand, Øyvin"]
[Black "Thjømøe, Hans R"]
[Result "1-0"]
[WhiteElo "1756"]
[BlackElo "1713"]
[PlyCount "87"]
[EventDate "2009.07.??"]
[EventType "swiss"]
[EventRounds "9"]
[EventCountry "NOR"]
[SourceDate "2009.07.06"]

1. d4 Nf6 2. Nf3 g6 3. e3 Bg7 4. Bd3 c5 5. O-O cxd4 6. exd4 O-O 7. Qe2 d6 8.
Bg5 Nc6 9. c3 Be6 10. Nbd2 Rc8 11. Rfc1 h6 12. Bxf6 Bxf6 13. Bxg6 Bxa2 14. Bc2
Bd5 15. Qd3 Re8 16. Qh7+ Kf8 17. Qxh6+ Bg7 18. Qh5 e5 19. dxe5 Nxe5 20. Nd4 Qf6
21. Qf5 a6 22. Qxf6 Bxf6 23. Nf5 Bg5 24. Rd1 Rc6 25. Be4 Rc5 26. Bxd5 Rxd5 27.
Ne4 Nd3 28. Nxg5 Rxf5 29. Rxd3 Rxg5 30. Rxd6 Re2 31. Rb6 Rf5 32. Rf1 Re7 33. g3
Rd5 34. h4 Kg7 35. Kg2 f5 36. Kf3 a5 37. Kf4 Re4+ 38. Kg5 Rg4+ 39. Kh5 Rd7 40.
Rb5 Kf6 41. Rb6+ Kf7 42. Re1 Kf8 43. Re5 Rf7 44. Rxf5 1-0

[Event "Landsturneringen 2009, Senior A"]
[Site "Bergen"]
[Date "2009.07.04"]
[Round "2"]
[White "Wibe, Per H"]
[Black "Olsen, Willy L"]
[Result "0-1"]
[WhiteElo "1725"]
[BlackElo "1653"]
[PlyCount "64"]
[EventDate "2009.07.??"]
[EventType "swiss"]
[EventRounds "9"]
[EventCountry "NOR"]
[SourceDate "2009.07.06"]

1. c4 c5 2. g3 Nc6 3. Bg2 g6 4. Nc3 Bg7 5. e3 e6 6. Nge2 Nge7 7. O-O O-O 8. h3
d5 9. cxd5 exd5 10. d3 Be6 11. g4 Qd7 12. f4 f5 13. Ng3 Rad8 14. Nb1 fxg4 15.
hxg4 Bxg4 16. Qc2 b6 17. a3 h5 18. Nd2 h4 19. Nh1 Nf5 20. Nb3 a5 21. Qf2 a4 22.
Nd2 Nxe3 23. Nf3 Nxf1 24. Kxf1 h3 25. Ng5 hxg2+ 26. Kxg2 Bh5 27. Kh2 Rde8 28.
Ng3 Qg4 29. Be3 Nd4 30. Rf1 Nf5 31. Nxf5 Qxf5 32. Nh3 d4 0-1

[Event "Landsturneringen 2009, Senior A"]
[Site "Bergen"]
[Date "2009.07.06"]
[Round "3"]
[White "Kjølberg, Lars"]
[Black "Bue, Gunnar"]
[Result "1-0"]
[WhiteElo "2052"]
[BlackElo "1585"]
[PlyCount "49"]
[EventDate "2009.07.??"]
[EventType "swiss"]
[EventRounds "9"]
[EventCountry "NOR"]
[SourceDate "2009.07.06"]

1. d4 Nf6 2. c4 g6 3. Nc3 Bg7 4. e4 d6 5. Be2 O-O 6. Bg5 h6 7. Be3 Nc6 8. d5
Nb8 9. g4 e6 10. g5 hxg5 11. Bxg5 e5 12. h4 Qd7 13. Qd2 Ng4 14. Bxg4 Qxg4 15.
Nge2 f6 16. Bh6 Qh5 17. Bxg7 Kxg7 18. O-O-O Bg4 19. Rdg1 Bxe2 20. Nxe2 Kh7 21.
f4 Nd7 22. Ng3 Qf3 23. h5 Qxf4 24. hxg6+ Kg8 25. Nf5 1-0

[Event "Landsturneringen 2009, Senior A"]
[Site "Bergen"]
[Date "2009.07.06"]
[Round "3"]
[White "Løvåsdal, Sigmund"]
[Black "Strand, Øyvin"]
[Result "0-1"]
[WhiteElo "1655"]
[BlackElo "1756"]
[PlyCount "92"]
[EventDate "2009.07.??"]
[EventType "swiss"]
[EventRounds "9"]
[EventCountry "NOR"]
[SourceDate "2009.07.06"]

1. d4 d5 2. Nf3 e6 3. g3 Bd6 4. Bg2 f5 5. O-O Nf6 6. b3 O-O 7. Bb2 Nbd7 8. e3
Qe7 9. Ne5 c6 10. Nd2 Ba3 11. Qc1 Bxb2 12. Qxb2 Nxe5 13. dxe5 Nd7 14. c4 b6 15.
Rac1 Bb7 16. Rfd1 a5 17. a4 Nc5 18. Nf1 Rfd8 19. Rd4 Qc7 20. f4 Ba6 21. Qc2 Qe7
22. Nd2 Rac8 23. Bf1 Qb7 24. Qd1 b5 25. cxd5 cxd5 26. axb5 Bxb5 27. b4 Ba4 28.
Qe2 axb4 29. g4 Nb3 30. Nxb3 Bxb3 31. Rxc8 Rxc8 32. Qb5 Qxb5 33. Bxb5 Rc1+ 34.
Kf2 Bc4 35. Bd7 Kf7 36. gxf5 exf5 37. Bxf5 g6 38. Bd3 b3 39. e4 Bxd3 40. Rxd3
b2 41. Rb3 b1=Q 42. Rxb1 Rxb1 43. exd5 Rd1 44. d6 Ke6 45. h3 Kf5 46. Ke3 h6 0-1

[Event "Landsturneringen 2009, Senior A"]
[Site "Bergen"]
[Date "2009.07.06"]
[Round "3"]
[White "Mannerud, Arne"]
[Black "Sæther, Lars"]
[Result "0-1"]
[WhiteElo "1568"]
[BlackElo "1601"]
[PlyCount "74"]
[EventDate "2009.07.??"]
[EventType "swiss"]
[EventRounds "9"]
[EventCountry "NOR"]
[SourceDate "2009.07.06"]

1. d4 f5 2. Nf3 Nf6 3. e3 e6 4. Be2 Be7 5. O-O O-O 6. c4 d6 7. Nc3 Ne4 8. Qc2
d5 9. b3 c6 10. a3 Nd7 11. Bb2 Bd6 12. Nxe4 fxe4 13. Ne5 Qg5 14. Nxd7 Bxd7 15.
Qd2 Rf6 16. f4 exf3 17. Rxf3 Rh6 18. g3 Be8 19. Kg2 Bg6 20. Bd3 Bh5 21. Rf2 Bg4
22. e4 Bh3+ 23. Kg1 Qxd2 24. Rxd2 Rf8 25. e5 Be7 26. Bf1 Bg5 27. Re2 Bg4 28.
Rc2 Be3+ 29. Kh1 Bf2 30. Bc3 Bxg3 31. Kg1 Bf4 32. Bd3 Be3+ 33. Kg2 Rf4 34. Re1
Rh3 35. Rxe3 Rxe3 36. Bd2 Bh3+ 37. Kg1 Rg4+ 0-1

[Event "Landsturneringen 2009, Senior A"]
[Site "Bergen"]
[Date "2009.07.06"]
[Round "3"]
[White "Ulrichsen, Jarl H"]
[Black "Hoen, Ragnar Harald"]
[Result "1/2-1/2"]
[WhiteElo "2154"]
[BlackElo "2237"]
[PlyCount "26"]
[EventDate "2009.07.??"]
[EventType "swiss"]
[EventRounds "9"]
[EventCountry "NOR"]
[SourceDate "2009.07.06"]

1. d4 d5 2. Nf3 Nf6 3. c4 e6 4. Nc3 Be7 5. Bg5 O-O 6. e3 b6 7. cxd5 exd5 8. Ne5
Bb7 9. Be2 Nbd7 10. Nxd7 Qxd7 11. O-O Ne4 12. Nxe4 dxe4 13. Bxe7 Qxe7 1/2-1/2

[Event "Landsturneringen 2009, Senior A"]
[Site "Bergen"]
[Date "2009.07.07"]
[Round "4"]
[White "Bjørgvik, Jan Arne"]
[Black "Mannerud, Arne"]
[Result "1-0"]
[WhiteElo "1749"]
[BlackElo "1568"]
[PlyCount "119"]
[EventDate "2009.07.??"]
[EventType "swiss"]
[EventRounds "9"]
[EventCountry "NOR"]
[SourceDate "2009.07.06"]

1. e4 d5 2. exd5 Qxd5 3. Nc3 Qd8 4. d4 c6 5. Nf3 Bf5 6. d5 Nf6 7. Nd4 Bg6 8.
dxc6 bxc6 9. f4 Bh5 10. Be2 Bxe2 11. Ndxe2 Qxd1+ 12. Nxd1 e6 13. O-O Bc5+ 14.
Be3 Nbd7 15. Nec3 Nd5 16. Bxc5 Nxc5 17. a3 O-O 18. b4 Nd7 19. Ne4 a5 20. c4
N5f6 21. Ndc3 Nxe4 22. Nxe4 Nb6 23. Nd6 Rfd8 24. c5 Nd5 25. Nb7 Rdc8 26. Nxa5
g6 27. g3 Ra7 28. Nc4 Rca8 29. Na5 Rc8 30. Rfc1 h5 31. Nc4 Ra6 32. Kf2 Kf8 33.
Ne3 Nf6 34. a4 Rca8 35. a5 Nd5 36. Nxd5 exd5 37. Re1 Rb8 38. Rab1 Ra7 39. Red1
Rab7 40. Rd4 Rb5 41. a6 Ra8 42. Ra1 Ra7 43. Ra4 Ke7 44. Rd3 f6 45. h4 Ke6 46.
Re3+ Kf7 47. Ke2 Rb8 48. Kd2 Rba8 49. Rea3 Ke6 50. Ke3 Kf5 51. Kf3 Re8 52. Ra5
Rb8 53. Rb3 Ke6 54. b5 cxb5 55. Rbxb5 Rxb5 56. Rxb5 Rxa6 57. Rb6+ Rxb6 58. cxb6
Kd6 59. Ke3 Kc6 60. Kd4 1-0

[Event "Landsturneringen 2009, Senior A"]
[Site "Bergen"]
[Date "2009.07.07"]
[Round "4"]
[White "Farstad, Gudmund"]
[Black "Svenske, Jan"]
[Result "0-1"]
[WhiteElo "1797"]
[BlackElo "1732"]
[PlyCount "84"]
[EventDate "2009.07.??"]
[EventType "swiss"]
[EventRounds "9"]
[EventCountry "NOR"]
[SourceDate "2009.07.06"]

1. e4 c5 2. Nf3 d6 3. d4 cxd4 4. Nxd4 Nf6 5. Nc3 a6 6. Be2 g6 7. O-O Bg7 8. Be3
O-O 9. Kh1 b5 10. a3 Bb7 11. f3 Nbd7 12. Qe1 Rc8 13. g4 Ne5 14. Rd1 Nc4 15. Bc1
Qb6 16. Qf2 Nxa3 17. g5 Nd7 18. Nd5 Bxd5 19. bxa3 Bc4 20. Be3 Qb7 21. Bd3 Bxd3
22. cxd3 Rc3 23. Nc2 Rfc8 24. Rd2 Qc7 25. Nb4 Rxa3 26. Rc2 Qb7 27. Nd5 Rxc2 28.
Qxc2 e6 29. Bc1 Ra1 30. Ne7+ Kf8 31. Nc6 Nc5 32. Nb4 a5 33. Na2 b4 34. Bb2
Rxf1+ 35. Kg2 Rxf3 36. Bxg7+ Kxg7 37. Kxf3 e5 38. Kg3 Qe7 39. Qd2 Ne6 40. h4
Nf4 41. Nc1 Qe6 42. Qh2 b3 0-1

[Event "Landsturneringen 2009, Senior A"]
[Site "Bergen"]
[Date "2009.07.07"]
[Round "4"]
[White "Hoen, Ragnar Harald"]
[Black "Løvåsdal, Sigmund"]
[Result "1-0"]
[WhiteElo "2237"]
[BlackElo "1655"]
[PlyCount "81"]
[EventDate "2009.07.??"]
[EventType "swiss"]
[EventRounds "9"]
[EventCountry "NOR"]
[SourceDate "2009.07.06"]

1. e4 c6 2. d4 d5 3. Nc3 dxe4 4. Nxe4 Nf6 5. Nxf6+ exf6 6. c3 Bd6 7. Bd3 Be6 8.
Be3 Nd7 9. Ne2 f5 10. Qc2 Qf6 11. Qd2 h6 12. h4 Nb6 13. Bf4 O-O-O 14. b3 Rhe8
15. O-O-O Bxf4 16. Nxf4 Bd7 17. Bc2 Re7 18. Nd3 Rde8 19. Ne5 Qd6 20. Rhe1 f6
21. Nxd7 Qxd7 22. Rxe7 Rxe7 23. Qf4 g5 24. Qxf5 Qxf5 25. Bxf5+ Kc7 26. Kd2 Nc8
27. Bxc8 Kxc8 28. hxg5 hxg5 29. Rh1 Kd7 30. Rh6 Ke6 31. g4 b5 32. Kd3 a5 33. c4
a4 34. Rh1 Kd6 35. Rh6 Ke6 36. Rh3 Kd6 37. Rf3 Rf7 38. cxb5 cxb5 39. Rf5 axb3
40. axb3 b4 41. Rb5 1-0

[Event "Landsturneringen 2009, Senior A"]
[Site "Bergen"]
[Date "2009.07.07"]
[Round "4"]
[White "Strand, Øyvin"]
[Black "Kjølberg, Lars"]
[Result "0-1"]
[WhiteElo "1756"]
[BlackElo "2052"]
[PlyCount "148"]
[EventDate "2009.07.??"]
[EventType "swiss"]
[EventRounds "9"]
[EventCountry "NOR"]
[SourceDate "2009.07.06"]

1. d4 e6 2. e3 f5 3. Bd3 Nf6 4. Nf3 b6 5. c4 Bb4+ 6. Bd2 Bxd2+ 7. Nbxd2 Bb7 8.
Qc2 Qe7 9. a3 O-O 10. O-O c5 11. dxc5 bxc5 12. Rab1 a5 13. e4 fxe4 14. Nxe4
Nxe4 15. Bxe4 Bxe4 16. Qxe4 Nc6 17. Ne5 Nxe5 18. Qxe5 d6 19. Qe4 Rab8 20. Rfe1
Rf6 21. b3 Qb7 22. Qxb7 Rxb7 23. Red1 e5 24. f3 Kf7 25. Re1 Ke6 26. Kf2 Rf8 27.
Re2 Rb6 28. g3 Rfb8 29. Reb2 a4 30. b4 cxb4 31. axb4 a3 32. Rb3 a2 33. Ra1 Rxb4
34. Rxb4 Rxb4 35. Rxa2 Rxc4 36. h4 h5 37. Ra7 g6 38. Rg7 Kf6 39. Rd7 Rc6 40.
Ke3 Ra6 41. Ke2 g5 42. hxg5+ Kxg5 43. Rg7+ Kf5 44. Rh7 Kg6 45. Rd7 Kf6 46. Rh7
Ra2+ 47. Ke3 Rg2 48. Rxh5 Rxg3 49. Rh6+ Ke7 50. Ke4 Rg1 51. Kd5 Rd1+ 52. Ke4
Kd7 53. Rh7+ Kc6 54. Ra7 Re1+ 55. Kd3 d5 56. Kd2 Rb1 57. Ra6+ Kc5 58. Ra5+ Kc4
59. Ra4+ Rb4 60. Ra2 d4 61. Rc2+ Kd5 62. Ra2 Rb3 63. Ke2 Kc4 64. Ra5 Rb2+ 65.
Ke1 Rb5 66. Ra4+ Kd3 67. Ra3+ Kc2 68. Ra2+ Kb3 69. Rd2 Kc3 70. Ke2 Ra5 71. Rd3+
Kc4 72. Rd1 Ra2+ 73. Kf1 d3 74. Re1 d2 0-1

[Event "Landsturneringen 2009, Senior A"]
[Site "Bergen"]
[Date "2009.07.07"]
[Round "4"]
[White "Ulrichsen, Jarl H"]
[Black "Olsen, Willy L"]
[Result "1-0"]
[WhiteElo "2154"]
[BlackElo "1653"]
[PlyCount "93"]
[EventDate "2009.07.??"]
[EventType "swiss"]
[EventRounds "9"]
[EventCountry "NOR"]
[SourceDate "2009.07.06"]

1. c4 c5 2. Nc3 Nc6 3. Nf3 g6 4. g3 Bg7 5. Bg2 e6 6. e3 Nge7 7. d4 cxd4 8. Nxd4
Nxd4 9. exd4 O-O 10. O-O d5 11. cxd5 exd5 12. Bg5 f6 13. Bf4 g5 14. Bd2 Be6 15.
Re1 Bf7 16. Qa4 a6 17. Rac1 Qd6 18. Nd1 Nc6 19. Ne3 b5 20. Nf5 Qd7 21. Qc2 Rac8
22. Qd3 Kh8 23. Nxg7 Kxg7 24. Be3 Rfe8 25. Rc5 Nb4 26. Qd2 Rxc5 27. dxc5 Nc6
28. Rd1 Rd8 29. Bd4 Nxd4 30. Qxd4 Qc6 31. b4 Rd7 32. h4 h6 33. hxg5 hxg5 34.
Re1 Qc7 35. a3 Re7 36. Rxe7 Qxe7 37. Bf3 Qd7 38. Kf1 Qc6 39. Kg2 Kg6 40. Bg4 f5
41. Bf3 Qe6 42. a4 f4 43. Qh8 Be8 44. Kf1 Bf7 45. Qd8 Qc6 46. Be2 Be6 47. Bd3+
1-0

[Event "Landsturneringen 2009, Senior A"]
[Site "Bergen"]
[Date "2009.07.08"]
[Round "5"]
[White "Kjølberg, Lars"]
[Black "Hoen, Ragnar Harald"]
[Result "1/2-1/2"]
[WhiteElo "2052"]
[BlackElo "2237"]
[PlyCount "34"]
[EventDate "2009.07.??"]
[EventType "swiss"]
[EventRounds "9"]
[EventCountry "NOR"]
[SourceDate "2009.07.06"]

1. d4 d5 2. Nf3 e6 3. c4 Nf6 4. Bg5 Be7 5. e3 O-O 6. Nc3 b6 7. Rc1 Bb7 8. Bxf6
Bxf6 9. cxd5 exd5 10. Bd3 c5 11. O-O cxd4 12. exd4 Nc6 13. Bb1 Re8 14. Qd3 g6
15. Rfe1 Qd6 16. Qd2 Kg7 17. Re3 Rxe3 1/2-1/2

[Event "Landsturneringen 2009, Senior A"]
[Site "Bergen"]
[Date "2009.07.08"]
[Round "5"]
[White "Skar, Øystein"]
[Black "Farstad, Gudmund"]
[Result "1-0"]
[WhiteElo "1708"]
[BlackElo "1797"]
[PlyCount "63"]
[EventDate "2009.07.??"]
[EventType "swiss"]
[EventRounds "9"]
[EventCountry "NOR"]
[SourceDate "2009.07.06"]

1. d4 d5 2. c4 c6 3. Nc3 Nf6 4. Nf3 e6 5. e3 a6 6. Bd3 dxc4 7. Bxc4 b5 8. Bd3
Bb7 9. O-O Nbd7 10. Qe2 c5 11. dxc5 Bxc5 12. e4 Qb8 13. Bg5 h6 14. Bh4 Nh5 15.
e5 Nf4 16. Qd2 Nxd3 17. Qxd3 Bxf3 18. Qxf3 Nxe5 19. Qh5 Bd6 20. f4 Ng6 21. f5
Nf4 22. Qg4 g5 23. fxg6 Nxg6 24. Ne4 Bxh2+ 25. Kh1 Be5 26. Nf6+ Bxf6 27. Rxf6
Qc7 28. Rxg6 Qc4 29. Rg8+ Rxg8 30. Qxg8+ Kd7 31. Qxf7+ Kd6 32. Bg3+ 1-0

[Event "Landsturneringen 2009, Senior A"]
[Site "Bergen"]
[Date "2009.07.08"]
[Round "5"]
[White "Strand, Øyvin"]
[Black "Ulrichsen, Jarl H"]
[Result "0-1"]
[WhiteElo "1756"]
[BlackElo "2154"]
[PlyCount "108"]
[EventDate "2009.07.??"]
[EventType "swiss"]
[EventRounds "9"]
[EventCountry "NOR"]
[SourceDate "2009.07.06"]

1. d4 c5 2. e3 Nf6 3. Nf3 b6 4. Bd3 g6 5. O-O Bg7 6. Qe2 Bb7 7. Nbd2 O-O 8. c3
Nc6 9. Rb1 d5 10. b4 cxb4 11. cxb4 a5 12. b5 Nb4 13. Ra1 Nxd3 14. Qxd3 Ne4 15.
a4 Rc8 16. Bb2 Qd6 17. Ba3 Qe6 18. Rfc1 g5 19. Qb3 Nxd2 20. Nxd2 g4 21. Rxc8
Rxc8 22. Rc1 Bf6 23. Rxc8+ Qxc8 24. Bb2 h5 25. Qd3 Kg7 26. Qb3 Qc7 27. Qd3 Qd7
28. f3 Qe6 29. f4 Qd7 30. Qc2 h4 31. Nf1 Qd6 32. Qc3 Qd8 33. Ba3 Qd7 34. Nd2
Qd8 35. Qc2 Qd7 36. Bb2 Kg8 37. Nf1 Kg7 38. Nd2 Qd6 39. Qc3 Qe6 40. Ba3 Kg8 41.
Qd3 Kg7 42. Bb2 Bc8 43. Ba3 Qf5 44. Qc3 Be6 45. Bc1 g3 46. h3 Qh5 47. Nf3 Bxh3
48. Qe1 Bf5 49. Ne5 Be4 50. Nd7 Qg4 51. Nxf6 exf6 52. Qf1 Qf5 53. Qe1 Bc2 54.
Ba3 Bxa4 0-1

[Event "Landsturneringen 2009, Senior A"]
[Site "Bergen"]
[Date "2009.07.08"]
[Round "5"]
[White "Sæther, Lars"]
[Black "Johanssen, Tom J"]
[Result "0-1"]
[WhiteElo "1601"]
[BlackElo "1910"]
[PlyCount "32"]
[EventDate "2009.07.??"]
[EventType "swiss"]
[EventRounds "9"]
[EventCountry "NOR"]
[SourceDate "2009.07.06"]

1. d4 d5 2. Nf3 Nf6 3. c4 e6 4. Nc3 c6 5. e3 Bd6 6. Bd3 O-O 7. O-O Re8 8. b3
Nbd7 9. Bb2 e5 10. dxe5 Nxe5 11. Nxe5 Bxe5 12. Qc2 h5 13. Rad1 Bxh2+ 14. Kxh2
Ng4+ 15. Kg3 Qg5 16. Kf3 Nxe3 0-1

[Event "Landsturneringen 2009, Senior A"]
[Site "Bergen"]
[Date "2009.07.08"]
[Round "5"]
[White "Thjømøe, Hans R"]
[Black "Strand, Karl W"]
[Result "1/2-1/2"]
[WhiteElo "1713"]
[BlackElo "1944"]
[PlyCount "78"]
[EventDate "2009.07.??"]
[EventType "swiss"]
[EventRounds "9"]
[EventCountry "NOR"]
[SourceDate "2009.07.06"]

1. e4 Nf6 2. Nc3 d5 3. exd5 Nxd5 4. Nf3 Bg4 5. h3 Bh5 6. d4 e6 7. Bd3 Nc6 8.
Be4 Qd7 9. Be3 Nf6 10. O-O Nxe4 11. Nxe4 Qd5 12. Neg5 h6 13. c4 Qf5 14. Nxe6
Bxf3 15. Nxc7+ Kd8 16. gxf3 Kxc7 17. d5 Ne5 18. f4 Nd7 19. c5 g5 20. Qd2 Qxh3
21. Qa5+ b6 22. cxb6+ Nxb6 23. Rfc1+ Kb8 24. Rc6 gxf4 25. Rxb6+ axb6 26. Qxb6+
Kc8 27. Rc1+ Kd7 28. Rc7+ Ke8 29. Qc6+ Kd8 30. Qxa8+ Kxc7 31. Bxf4+ Kd7 32.
Qc6+ Ke7 33. Bd6+ Kf6 34. Bxf8+ Kg5 35. Be7+ Kh5 36. Bd6 Rg8+ 37. Bg3 Rc8 38.
Bc7 Rg8+ 39. Bg3 Rc8 1/2-1/2

[Event "Landsturneringen 2009, Senior A"]
[Site "Bergen"]
[Date "2009.07.09"]
[Round "6"]
[White "Haug, Kjell M"]
[Black "Habberstad, Odd"]
[Result "1/2-1/2"]
[WhiteElo "1870"]
[BlackElo "1600"]
[PlyCount "76"]
[EventDate "2009.07.??"]
[EventType "swiss"]
[EventRounds "9"]
[EventCountry "NOR"]
[SourceDate "2009.07.06"]

1. d4 Nf6 2. c4 d6 3. Nc3 Nbd7 4. e4 e5 5. d5 Be7 6. Nf3 O-O 7. Be2 c6 8. O-O
cxd5 9. cxd5 a6 10. h3 b5 11. a3 Nb6 12. Bd3 Bd7 13. Ne2 Qb8 14. Ng3 Rc8 15.
Bd2 Nc4 16. Bc3 Qb7 17. Qe2 Bd8 18. Nd2 Nxd2 19. Qxd2 a5 20. f4 Qb8 21. fxe5
dxe5 22. Nf5 Bxf5 23. Rxf5 Nd7 24. Raf1 f6 25. Be2 Be7 26. b4 axb4 27. Bxb4
Qb6+ 28. Kh2 Bc5 29. R5f3 Bd4 30. d6 Nc5 31. Qa2+ Kh8 32. Qd5 Rd8 33. Rc1 Rac8
34. Bxc5 Rxc5 35. Rxc5 Bxc5 36. Rc3 Bxd6 37. Qxb5 Qxb5 38. Bxb5 h5 1/2-1/2

[Event "Landsturneringen 2009, Senior A"]
[Site "Bergen"]
[Date "2009.07.09"]
[Round "6"]
[White "Hoen, Ragnar Harald"]
[Black "Strand, Øyvin"]
[Result "1/2-1/2"]
[WhiteElo "2237"]
[BlackElo "1756"]
[PlyCount "82"]
[EventDate "2009.07.??"]
[EventType "swiss"]
[EventRounds "9"]
[EventCountry "NOR"]
[SourceDate "2009.07.06"]

1. e4 e6 2. d4 d5 3. Nc3 dxe4 4. Nxe4 Bd7 5. Nf3 Bc6 6. Bd3 Nd7 7. O-O Ngf6 8.
Nc3 b6 9. Qe2 Be7 10. Bg5 O-O 11. Rfe1 Bb7 12. Rad1 Re8 13. Ne5 Nxe5 14. dxe5
Nd7 15. Bf4 Qc8 16. Ne4 Bxe4 17. Bxe4 Rb8 18. Qd3 Nf8 19. Qg3 Rd8 20. h4 Qa6
21. a3 c5 22. Rd3 Rxd3 23. cxd3 Qb5 24. Re2 Qd7 25. Bh6 g6 26. h5 Rc8 27. b3
Rb8 28. Re3 b5 29. Bxf8 Bxf8 30. hxg6 fxg6 31. Rf3 Bg7 32. Qg5 Rf8 33. Rh3 Qf7
34. Rf3 Qd7 35. Qe3 Rxf3 36. Bxf3 Qc7 37. Bg4 Bxe5 38. Bxe6+ Kh8 39. Qf3 Kg7
40. g3 Bf6 41. Qd5 a5 1/2-1/2

[Event "Landsturneringen 2009, Senior A"]
[Site "Bergen"]
[Date "2009.07.09"]
[Round "6"]
[White "Ludvigsen, Jan"]
[Black "Birkestrand, Odd"]
[Result "0-1"]
[WhiteElo "1646"]
[BlackElo "1835"]
[PlyCount "84"]
[EventDate "2009.07.??"]
[EventType "swiss"]
[EventRounds "9"]
[EventCountry "NOR"]
[SourceDate "2009.07.06"]

1. e4 e5 2. Nf3 Nc6 3. Bc4 Nf6 4. d4 exd4 5. O-O Be7 6. e5 Ne4 7. Bd5 Nc5 8.
Re1 Ne6 9. Nbd2 O-O 10. Nb3 Nb4 11. Be4 c5 12. a3 Nc6 13. Nfd2 d5 14. exd6 Bxd6
15. Nc4 Bc7 16. Rf1 f5 17. Bxc6 bxc6 18. f4 Ba6 19. Nbd2 Qd5 20. b3 Nxf4 21.
Rf2 Rae8 22. Qf1 Ng6 23. a4 Re6 24. Ba3 f4 25. Qd1 Rfe8 26. Qf1 Qh5 27. Nf3 Ba5
28. Qd3 Bc3 29. Raf1 Re3 30. Qd1 Bxc4 31. bxc4 Rb8 32. Qc1 a5 33. Nd2 Bxd2 34.
Rxd2 Qe5 35. Rdf2 Re8 36. Qb2 Re1 37. Rxe1 Qxe1+ 38. Rf1 Qe3+ 39. Kh1 Qe2 40.
Qc1 Nh4 41. Rg1 f3 42. g3 f2 0-1

[Event "Landsturneringen 2009, Senior A"]
[Site "Bergen"]
[Date "2009.07.09"]
[Round "6"]
[White "Strand, Karl W"]
[Black "Olsen, Willy L"]
[Result "1-0"]
[WhiteElo "1944"]
[BlackElo "1653"]
[PlyCount "83"]
[EventDate "2009.07.??"]
[EventType "swiss"]
[EventRounds "9"]
[EventCountry "NOR"]
[SourceDate "2009.07.06"]

1. e4 c5 2. Nf3 Nc6 3. Bb5 a6 4. Bxc6 dxc6 5. d3 g6 6. Bd2 Bg7 7. Bc3 Nf6 8.
O-O O-O 9. Re1 b5 10. Nbd2 Bg4 11. h3 Bxf3 12. Nxf3 Nh5 13. Bxg7 Nxg7 14. Qd2
e6 15. Rad1 Qf6 16. c3 e5 17. Qe3 Ne6 18. Nd2 Rfd8 19. Nb3 Nf4 20. Nxc5 Qg5 21.
Qg3 Qe7 22. b4 a5 23. a3 axb4 24. axb4 Ra2 25. Qf3 Rc2 26. d4 f6 27. Kh2 g5 28.
g3 Ng6 29. Re2 Rxe2 30. Qxe2 Ra8 31. Qb2 exd4 32. cxd4 h5 33. Ra1 Rxa1 34. Qxa1
h4 35. Qa8+ Nf8 36. Qxc6 hxg3+ 37. Kxg3 Qh7 38. Qc8 Qh4+ 39. Kg2 Kf7 40. Qg4
Qh7 41. d5 Qh6 42. d6 1-0